000 01034nam a2200301 i 4500
001 70427
003 Mx-PuUPA
005 20230719110926.0
008 230718s2023 cau fr 000 0 eng d
020 _a9781098133115
040 _aMx-PuUPA
_bspa
_cMx-PuUPA
_dMx-PuUPA
_erda
041 0 _aeng
100 1 _aZimmermann, Chris,
_914520
_eautor
245 1 4 _aThe rules of programming :
_bhow to write better code /
_cChris Zimmerman
250 _aFirst edition /
_bdecember
264 1 _aSebastopol, CA :
_bO'Really Media,
_c2022
300 _axiv, 327 pƔginas ;
_c23 cm
336 _2rdacontent
_atexto
_btxt
337 _2rdamedia
_asin medio
_bn
338 _2rdacarrier
_avolumen
_bnc
650 7 _2armarc
_aProgramación de computadoras
650 7 _2armarc
_aComputadoras
_xDesarrollo de software
942 _2ddc
_cLI
_h005.13
_iZ75
999 _c70427
_d70427